Capitali Europee - "L'impiccato" casuale - Statistics

Statistiche generali
  • Questo quiz è stato fatto 690 volte
  • Il punteggio medio è 5 su 8
Statistiche sulle risposte
Lettera % Corretto
A
100%
A
100%
A
100%
A
100%
A
94%
E
92%
A
91%
A
91%
A
88%
A
88%
A
88%
A
88%
L
88%
R
88%
A
85%
A
85%
A
85%
S
85%
A
81%
E
78%
P
78%
I
77%
I
77%
R
77%
O
75%
R
75%
B
72%
S
72%
E
69%
L
69%
N
69%
R
69%
O
68%
O
68%
R
68%
D
67%
T
67%
B
63%
B
63%
C
63%
G
63%
I
63%
I
63%
T
63%
H
62%
I
62%
U
61%
E
59%
R
59%
S
59%
D
56%
E
56%
S
56%
U
56%
S
55%
B
54%
I
54%
K
54%
I
53%
I
53%
T
47%
I
45%
J
45%
N
45%
V
45%
S
42%
P
41%
N
35%
V
35%
V
35%
C
32%
N
32%
S
32%
T
27%
V
27%
C
23%
G
23%
Z
23%
U
16%
H
11%
Nessun quiz corrispondente trovato
Distribuzione punteggi
Percentuale di utenti per punteggio
Percentile per numero di risposta
I tuoi punteggi nel tempo
Non hai fatto questo quiz